Statistics for Herbivore, Carnivore, or Omnivore?

Click here to take the quiz!

General Stats

  • This quiz has been taken 142 times
    (84 since last reset)
  • The average score is 17 of 22

Answer Stats

AnimalAnswer% Correct
ElephantHerbivore
97%
FoxOmnivore
97%
TigerCarnivore
95%
CougarCarnivore
94%
RabbitHerbivore
94%
BearOmnivore
92%
FalconCarnivore
88%
CrocodileCarnivore
86%
ZebraHerbivore
86%
HippoOmnivore
81%
CrowOmnivore
80%
RhinoHerbivore
78%
SquirrelHerbivore
78%
DeerHerbivore
73%
MongooseOmnivore
70%
CockroachOmnivore
66%
LynxCarnivore
64%
EagleCarnivore
64%
GiraffeHerbivore
63%
TurtleOmnivore
63%
DuckOmnivore
55%
OwlCarnivore
48%

Score Distribution

Percentile by Number Answered

Percent of People with Each Score

Your Score History

You have not taken this quiz since the last reset